000 00803cam a22002773a 4500
001 5083
003 PGUSA
005 20140828083113.0
008 040201s2004||||xxu|||||s|||||000 1 eng d
040 _aPGUSA
_beng
042 _adc
050 4 _aPR
100 1 _aMackenzie, Henry,
_d1745-1831
245 1 4 _aThe Man of Feeling
_h[electronic resource] /
_cHenry Mackenzie
260 _bProject Gutenberg,
_c2004
506 _aPublic domain in the USA.
516 _aElectronic text
653 _aFailure (Psychology) -- Fiction
653 _aGothic fiction (Literary genre)
653 _aPsychological fiction
653 _aSentimentalism -- Fiction
653 _aBenevolence -- Fiction
830 0 _aProject Gutenberg
_v5083
856 4 0 _uhttp://www.gutenberg.org/ebooks/5083
942 _cEB
999 _c234412
_d234412